| 000 | 00489nam a2200181 a 4500 | ||
|---|---|---|---|
| 001 | 3367 | ||
| 003 | CDMR | ||
| 005 | 20131007101215.0 | ||
| 008 | 130130s1984||||||||||||||||||||||||||||d | ||
| 020 | _a8435004244 | ||
| 040 |
_aCDMR _bcat _cCDMR |
||
| 100 | 1 |
_aSegura, Isabel _92428 |
|
| 245 | 1 | 0 |
_aRevistes de dones _b: (1846-1935) _cIsabel Segura i Marta Selva |
| 260 |
_aBarcelona _c1984 _bEDHASA |
||
| 300 |
_a348, [20] p. _bil. b/n |
||
| 650 | 0 | 4 |
_94025 _aRevistes _xHistòria |
| 942 |
_cMON _2udc |
||
| 999 |
_c3367 _d3367 |
||